Monster Hunter - Large Monster Weaknesses - Statistics

General Stats
  • This quiz has been taken 87 times
  • The average score is 7 of 15
Answer Stats
Question Answer % Correct
Zinogre is weak to: Ice
70%
Dalamadur is weak to: Dragon
67%
Kulu-Ya-Ku is weak to: Water
67%
Rathalos is weak to: Dragon
64%
Shagaru Magala is weak to: Dragon
61%
Black Diablos is weak to: Ice
61%
Queen Vespoid is weak to: Fire
58%
Green Nargacuga is weak to: Electric
52%
Namielle is weak to: Fire
52%
Gore Magala is weak to: Fire
39%
Crimson Qurupeco is weak to: Ice
36%
Nergigante is weak to: Electric
27%
Legiana is weak to: Electric
21%
Silver Rathalos is weak to: Water
21%
Hypnocatrice is weak to: Fire
12%
No matching quizzes found
Score Distribution
Percent of People with Each Score
Percentile by Number Answered
Your Score History
You have not taken this quiz